New Zealand Geography by Letter - T - Statistics

General Stats
  • This quiz has been taken 34 times
  • The average score is 6 of 15
Answer Stats
clue answer % Correct
New Zealand's largest lake, also the large town on its northern shore Taupo
100%
Largest North Island T city, pop 142,000 Tauranga
76%
What lake is pictured, as seen from the Church of the Good Shepherd? Lake {Tekapo}
65%
Largest South Island T city, pop 29,000 Timaru
59%
New Zealand's first national park, centred on Mt Ruapehu Tongariro
59%
Coromandel town that was double its present size during the 1870s gold rush Thames
47%
Once the North Shore's main city, now simply an Auckland suburb Takapuna
38%
The bay on which Nelson sits {Tasman} Bay
38%
The Maori name for Auckland {Tāmaki} Makaurau
35%
Volcano near Rotorua that erupted massively in 1886 Mt {Tarawera}
26%
Railway town midway between Te Kuiti and Ohakune Taumarunui
26%
Central North Island forestry town, near the Kinleith mill Tokoroa
26%
Arguably NZ's most major marae (Maori meeting ground), in Ngaruawahia {Turanga}waewae
24%
Largest town in Golden Bay Takaka
12%
Highest peak in the Kaikoura Ranges Tapuae-o-Uenuku
0%
No matching quizzes found
Score Distribution
Percent of People with Each Score
Percentile by Number Answered
Your Score History
You have not taken this quiz